Information Management in Digital Libraries (NCIMDiL) [electronic resource : conference proceedings] Proceedings of the National Conference held from August 2-4, 2006, at Indian Institute of Technology, Kharagpur (Record no. 204881)

MARC details
000 -LEADER
fixed length control field 00724nam a2200133Ia 4500
008 - FIXED-LENGTH DATA ELEMENTS--GENERAL INFORMATION
fixed length control field 231221s9999 xx 000 0 und d
041 ## - LANGUAGE CODE
Language code of text/sound track or separate title English
100 ## - MAIN ENTRY--PERSONAL NAME
Personal name Central Library, Indian Institute of Technology, Kharagpur
245 #0 - TITLE STATEMENT
Title Information Management in Digital Libraries (NCIMDiL) [electronic resource : conference proceedings] Proceedings of the National Conference held from August 2-4, 2006, at Indian Institute of Technology, Kharagpur
260 ## - PUBLICATION, DISTRIBUTION, ETC.
Date of publication, distribution, etc. 2006/08
Name of publisher, distributor, etc. Indian Institue of Technology
Place of publication, distribution, etc. Kharagpur
650 ## - SUBJECT ADDED ENTRY--TOPICAL TERM
Topical term or geographic name entry element Digital Libraries, Information Management
650 ## - SUBJECT ADDED ENTRY--TOPICAL TERM
Topical term or geographic name entry element Information,Management,Digital,(NCIMDiL),:,conference,proceedings],National,Conference,August,2-4,,2006,,Technology,,Kharagpur
942 ## - ADDED ENTRY ELEMENTS (KOHA)
Koha item type Digital Library
Holdings
Date last seen Total checkouts Accession number Uniform resource identifier Price effective from Category Lost status Damaged status Department Withdrawn status Home library Current library Shelving location Entry date Grants Billdate Currency symbol Conversion rate Discount Old discount
26/01/2024   DL1007 digital/Confpro/dl1007/papert.html 26/01/2024 Digital Library     Central Library   Central Library Central Library Central Library   LIB 22/02/2010 RS 1    

© For any Suggestions or Query, please contact the library staff @ librarian@pes.edu or Phone: +9180 2672 1983/ 2108.